000 00418nam a22001577a 4500
999 _c12718
_d12718
008 210217b ||||| |||| 00| 0 eng d
082 0 0 _a330.973
_bG148
100 _94849
_aGalbraith, J. K.
245 1 0 _a(The) Affluent society
_cby J. K. Galbraith
250 _a1st ed.
260 _aCalcutta:
_bAsia Publications
_c1958
300 _axii, 288p.
650 0 _aEconomics
650 0 _aEconomic History
942 _cBK